Dr. S. R. Lasker Library Online Catalogue

Home      Library Home      Institutional Repository      E-Resources      MyAthens      EWU Home

Bangla Academy Bengali-English dictionary / (Record no. 3496)

MARC details
000 -LEADER
fixed length control field 01333nam a2200385 a 4500
001 - CONTROL NUMBER
control field 3496
003 - CONTROL NUMBER IDENTIFIER
control field BD-DhEWU
005 - DATE AND TIME OF LATEST TRANSACTION
control field 20241028190757.0
008 - FIXED-LENGTH DATA ELEMENTS--GENERAL INFORMATION
fixed length control field 950309s1994 bg g d f000 0 ben
020 ## - INTERNATIONAL STANDARD BOOK NUMBER
International Standard Book Number 9789843306364
International Standard Book Number 9789840731404
International Standard Book Number 9840731408
International Standard Book Number 984074383X
International Standard Book Number 9840757954
035 ## - SYSTEM CONTROL NUMBER
System control number (OCoLC) 32199686
040 ## - CATALOGING SOURCE
Original cataloging agency DLC
Transcribing agency DLC
Language of cataloging eng
Modifying agency BD-DhEWU
041 0# - LANGUAGE CODE
Language code of text/sound track or separate title ben/eng
082 00 - DEWEY DECIMAL CLASSIFICATION NUMBER
Classification number 423.9144
Item number BAN 1994
245 00 - TITLE STATEMENT
Title Bangla Academy Bengali-English dictionary /
Statement of responsibility, etc editors, Mohammad Ali, Mohammad Moniruzzaman, Jahangir Tareque ; compilers, Latifur Rahman, Jahangir Tareque.
250 ## - EDITION STATEMENT
Edition statement 1st ed.
260 ## - PUBLICATION, DISTRIBUTION, ETC. (IMPRINT)
Place of publication, distribution, etc Dhaka :
Name of publisher, distributor, etc The Academy,
Date of publication, distribution, etc c1994.
300 ## - PHYSICAL DESCRIPTION
Extent 878 p. :
Dimensions 22 cm.
500 ## - GENERAL NOTE
General note Bengali and English.
526 ## - STUDY PROGRAM INFORMATION NOTE
Program name Library
590 ## - LOCAL NOTE (RLIN)
Local note Shaharima Parvin
650 #0 - SUBJECT ADDED ENTRY--TOPICAL TERM
Topical term or geographic name as entry element Bengali language
General subdivision Dictionaries
-- English.
9 (RLIN) 13464
700 1# - ADDED ENTRY--PERSONAL NAME
Personal name Ālī, Mohāmmada,
Dates associated with a name 1942-
9 (RLIN) 13465
Personal name Manirujjāmāna, Mohāmmada.
9 (RLIN) 13466
Personal name Tareque, Jahangir.
9 (RLIN) 490
Personal name Rahman, Latifur,
Titles and other words associated with a name M.A.
9 (RLIN) 13467
710 2# - ADDED ENTRY--CORPORATE NAME
Corporate name or jurisdiction name as entry element Bāṃlā Ekāḍemī (Bangladesh)
9 (RLIN) 13468
740 0# - ADDED ENTRY--UNCONTROLLED RELATED/ANALYTICAL TITLE
Uncontrolled related/analytical title Bengali-English dictionary.
856 42 - ELECTRONIC LOCATION AND ACCESS
Materials specified WorldCat details
Uniform Resource Identifier http://www.worldcat.org/title/bangla-academy-bengali-english-dictionary/oclc/32199686&referer=brief_results
942 ## - ADDED ENTRY ELEMENTS (KOHA)
Source of classification or shelving scheme Dewey Decimal Classification
Koha item type Ref.
Holdings
Withdrawn status Lost status Source of classification or shelving scheme Damaged status Not for loan Collection code Home library Current library Shelving location Date acquired Source of acquisition Cost, normal purchase price Total Checkouts Full call number Barcode Copy number Koha item type Date last seen Date checked out Checked out Price effective from Coded location qualifier mfnno
    Dewey Decimal Classification   Not For Loan Reference Dr. S. R. Lasker Library, EWU Dr. S. R. Lasker Library, EWU Reference Section 08/12/2003 Smart Books 119.00   423.9144 BAN 1994 13384 C-2 Ref.            
    Dewey Decimal Classification   Not For Loan Reference Dr. S. R. Lasker Library, EWU Dr. S. R. Lasker Library, EWU Reference Section 02/03/2010 Paragon Enterprises Ltd. 200.00   423.9144 BAN 1994 23231 C-7 Ref.            
    Dewey Decimal Classification   Not For Loan Reference Dr. S. R. Lasker Library, EWU Dr. S. R. Lasker Library, EWU Reference Section 02/03/2010 Paragon Enterprises Ltd. 200.00 1 423.9144 BAN 1994 23234 C-10 Ref. 03/04/2014 01/04/2012        
    Dewey Decimal Classification   Not For Loan Reference Dr. S. R. Lasker Library, EWU Dr. S. R. Lasker Library, EWU Reference Section 08/12/2003 Smart Books 119.00   423.9144 BAN 1994 13383 C-1 Ref.            
    Dewey Decimal Classification   Not For Loan Reference Dr. S. R. Lasker Library, EWU Dr. S. R. Lasker Library, EWU Reference Section 08/12/2003 Smart Books 119.00   423.9144 BAN 1994 13385 C-3 Ref.            
    Dewey Decimal Classification   Not For Loan Reference Dr. S. R. Lasker Library, EWU Dr. S. R. Lasker Library, EWU Reference Section 08/12/2003 Smart Books 119.00   423.9144 BAN 1994 13386 C-4 Ref.            
    Dewey Decimal Classification   Not For Loan Reference Dr. S. R. Lasker Library, EWU Dr. S. R. Lasker Library, EWU Reference Section 08/12/2003 Smart Books 119.00   423.9144 BAN 1994 13387 C-5 Ref.            
    Dewey Decimal Classification   Not For Loan Reference Dr. S. R. Lasker Library, EWU Dr. S. R. Lasker Library, EWU Reference Section 02/03/2010 Paragon Enterprises Ltd. 200.00   423.9144 BAN 1994 23230 C-6 Ref.            
    Dewey Decimal Classification   Not For Loan Reference Dr. S. R. Lasker Library, EWU Dr. S. R. Lasker Library, EWU Reference Section 02/03/2010 Paragon Enterprises Ltd. 200.00   423.9144 BAN 1994 23232 C-8 Ref.            
    Dewey Decimal Classification   Not For Loan Reference Dr. S. R. Lasker Library, EWU Dr. S. R. Lasker Library, EWU Reference Section 02/03/2010 Paragon Enterprises Ltd. 200.00   423.9144 BAN 1994 23233 C-9 Ref.            
    Dewey Decimal Classification       Dr. S. R. Lasker Library, EWU Dr. S. R. Lasker Library, EWU   02/03/2010 Paragon Enterprises Ltd. 200.00 1 423.9144 BAN 3602-23235 C-11 Ref. 26/06/2013 26/06/2013 29/08/2013      
    Dewey Decimal Classification   Not For Loan Reference Dr. S. R. Lasker Library, EWU Dr. S. R. Lasker Library, EWU Reference Section 15/10/2024 Rissam Enterprise 480.00   423.9144 BAN 1994 31729 C-12 Ref. 28/10/2024     28/10/2024    
    Dewey Decimal Classification   Not For Loan Reference Dr. S. R. Lasker Library, EWU Dr. S. R. Lasker Library, EWU Reference Section 15/10/2024 Rissam Enterprise 480.00   423.9144 BAN 1994 31730 C-13 Ref. 28/10/2024     28/10/2024